| 000 | 00789pam a2200301 i 4500 | ||
|---|---|---|---|
| 999 |
_c8148 _d8148 |
||
| 001 | 8148 | ||
| 003 | BD - JhCC | ||
| 005 | 20210922134020.0 | ||
| 008 | 750128s1975 nyua b 001 0 eng | ||
| 020 | _a0393092283 | ||
| 035 | _a(BD - JhCC)8148 | ||
| 035 | _a(OCoLC)01177793 | ||
| 035 | _aGLIS00027083 | ||
| 040 |
_aDLC _cDLC _dMYG _dBD - JhCC |
||
| 041 | _aeng | ||
| 050 | 0 |
_aQH431 _b.M565 1975 |
|
| 082 |
_bGUP 1975 _a575.1 |
||
| 099 | _aQH431.M565 1975 | ||
| 100 | 1 | _aGupta, P. K. | |
| 245 | 1 | 0 |
_aGenetics / _cP. K. Gupta |
| 250 | _a2d ed. | ||
| 260 |
_aNew York : _bNorton, _c[1975] |
||
| 300 |
_a611 p. : _bill. ; _c22 cm. |
||
| 504 | _aIncludes bibliographies and index. | ||
| 650 | 0 | _aGenetics | |
| 942 |
_2ddc _cBK _02 |
||